00880 2200289 4500001002100000005001500021035002500036008004100061020002200102040001700124082002100141084002300162100001900185245011300204260003000317300004800347650002000395700002000415700001800435850001200453007000300465090002700468090002200495504003300517990002200550990001800572INLIS00000000001806620200520121854 a0010-031600000000076160303s2015 yoia g ind d a978-979-29-5445-6 aYOPDYOGbind04223a620.00420285 a620.00420285 HEN p0 aHendi Saryanto10aProses desain elemen mesin menggunakan solidworks /cHendi Saryanto, Darwin Sebayang; editor, Erang Risanto. aYogyakarta :bAndi,c2015 ax, 368 halaman :bilustrasi, tabel ;c23 cm 4aKomputer grafis0 aDarwin Sebayang0 aErang Risanto aYOPDYOGta aDEP 620.00420285 HEN p aCB-D.11 2015-1777 aBibliografi: halaman 361-364 aCB-D.11/2015-1777 a58946-PD/A.18